Manažment

Guardado en:
Detalles Bibliográficos
Autor principal: Majtán, Miroslav
Autor Corporativo: Fakulta podnikového manažmentu EU. Katedra manažmentu
Otros Autores: Grznár, Miroslav, Kachaňáková, Anna, Slávik, Štefan, 1955-, Szabo, Ľuboslav, Szarková, Miroslava, 1951-, Thomasová, Elena
Formato: Libro
Lenguaje:eslovaco
Publicado: Bratislava Sprint vfra 2003
Colección:Nová ekonómia
Materias:
Etiquetas: Agregar Etiqueta
Sin Etiquetas, Sea el primero en etiquetar este registro!

MARC

LEADER 00000nam$a2200000$$$4500
001 0001384
005 20240502071345.1
020 |a 80-89085-17-2 
041 0 |a slo 
044 |a SK 
245 1 0 |a Manažment  |c Miroslav Majtán a kolektív 
264 1 |a Bratislava  |b Sprint vfra  |c 2003 
300 |a 429 s. 
490 1 |a Nová ekonómia 
830 0 |a Nová ekonómia 
500 |a ISBN je rovnaké aj pri 2. vydaní 
610 2 0 |a manažment 
610 2 0 |a riadenie 
610 2 0 |a porovnanie medzinárodné 
610 2 0 |a koncepcie 
610 2 0 |a prostredie ekonomické 
610 2 0 |a rozhodovanie manažérske 
610 2 0 |a systémy informačné 
610 2 0 |a manažment strategický 
610 2 0 |a plánovanie 
610 2 0 |a štruktúra organizačná 
610 2 0 |a kontrola 
610 2 0 |a manažment personálny 
610 2 0 |a vedenie 
610 2 0 |a komunikácia 
610 2 0 |a motivácia 
610 2 0 |a etika manažérska 
100 1 |a Majtán, Miroslav 
700 1 |a Grznár, Miroslav 
700 1 |a Kachaňáková, Anna 
700 1 |a Slávik, Štefan, 1955- 
700 1 |a Szabo, Ľuboslav 
700 1 |a Szarková, Miroslava, 1951- 
700 1 |a Thomasová, Elena 
710 2 |a Fakulta podnikového manažmentu EU. Katedra manažmentu